000 00986nam a2200277 a 4500
001 000003563
003 DO-SdBNP
005 20230411143457.0
007 ta
008 090710s2004 dr ab 001 0 spa d
020 _a9993493910
040 _aDO-SdBNP
_bspa
_cBNPHU
082 4 _a911.7293
_bF316d
_222
100 1 _aFéliz, Werner D.
_911008
245 1 0 _aDivisión político-territorial dominicana 1944-2004 /
_cWerner D. Féliz ; Prólogo Augusto L. Sánchez C.
260 _aSanto Domingo :
_bConsejo Nacional de Asuntos Urbanos,
_c2004
300 _a228 p. :
_bil., mapas ;
_c23 cm.
500 _aIncluye 4 mapas anexos (p. 156-162-210)
504 _aBibliografía : p. 221
590 _aInventariado 2023 / MF
650 4 _aGeografía histórica
_xMapas
_zRepública Dominicana
_911010
651 4 _aRepública Dominicana
_xDivisiones administrativas y políticas
_xHistoria
_911009
700 1 _aSánchez C., Augusto L.,
_epról.
_911011
910 _aDG
942 _2ddc
_cLBS1
999 _c3388
_d3388